000 01746cam a2200385 i 4500
999 _c64529
_d64529
001 18259294
003 CO-MdFUSB
005 20190202100248.0
008 140808s20142015miu g b 001 0 eng
010 _a 2014027512
020 _a9780801049293 (pbk. : alk. paper)
040 _aDLC
_bspa
_cCO-MdFUSB
_erda
_dCO-MdFUSB
041 _aeng
042 _apcc
082 0 0 _224
_aG 230
_bG828c
100 1 _aGrenz, Stanley J.
_d1950-2005.
_eautor
245 1 0 _aCreated for community
_b: connecting Christian belief with Christian living
_c/ Stanley J. Grenz & Jay T. Smith.
250 _aThird edition.
264 1 _aGrand Rapids, Michigan :
_bBaker Academic,
_c℗2015
264 4 _c©1996, 1998, 2014
300 _axxix, 287 páginas ;
_c23 cm
336 _2rdacontent
_atexto
_btxt
337 _2rdamedia
_asin mediación
_bn
338 _2rdacarrier
_avolumen
_bnc
501 _aIncluye índices (páginas 273- 287)
505 0 _aConocer al Dios de la Biblia en el mundo contemporáneo -- El Dios que conocemos -- Nuestra identidad como criaturas de Dios -- Nuestro fracaso humano -- Jesucristo: "Dios con nosotros" -- La misión de Jesús en el programa divino -- El Espíritu Santo: el autor de la vida -- El Espíritu Santo y nuestra salvación -- La comunidad pionera -- Participar en la comunidad pionera -- El clímax de nuestra historia -- La comunidad de Dios: nuestro hogar eterno.
650 7 _aTeología doctrinal
_2
_9179
650 0 _aVida cristiana
_919
700 1 _aSmith, Jay T.
_eautor
906 _a7
_bcbc
_corignew
_d1
_eecip
_f20
_gy-gencatlg
942 _cBK